000 00333nam a2200145Ia 4500
003 OSt
005 20240409094412.0
008 170524s9999 xx 000 0 und d
020 _a9781260152302
040 _cIIMTU MEERUT
100 _aBELECH
245 0 _aADVERTISING AND PROMOTION
260 _aTATA MC GRAW HILL
942 _2ddc
_c02
999 _c2032
_d2032